LEADER 00944naa a2200205 u 4500 001 000000099157 003 CaOOAMICUS 005 20070226130157.0 008 050928s1984 it u000 u fre u 035 $a11060387 040 $aIAR$bita 100 1 $aDoignon, Jean.$0(OLS)http://pul/name/11760 245 13$aLa première exégese augustinienne de Rm 8,28 et l'unité formulée "more tulliano" des quatres vertus dans l'amour /$cJean Doignon. 260 $aBologna :$bEd. Dehoniane,$c1983. 300 $aS. 285-291 ;$c22 cm 730 0 $aCristianesimo nella storia$g[Spogli].$0(OLS)http://pul/title/7312 773 0 $aCristianesimo nella storia ;.$tvol. IV/2 (1983) 773 0 $tCristianesimo nella storia$w()5012 996 $6245$aLa première exégese augustinienne de Rm 8,28 et l'unité formulée "more tulliano" des quatres vertus dans l'amour$9(OLS)http://pul/title/126036 996 $6260$aBologna :$bEd. Dehoniane$9(OLS)http://pul/publisher/48282 LEADER 00969naa a2200229 u 4500 001 000000096581 003 CaOOAMICUS 005 20070226130147.0 008 041028s1994 it u000 u ita u 020 $a8884021553 (v. 2) 035 $a11013094 040 $aIAR$bita 100 1 $aPittaluga, Stefano,$d1948-$0(OLS)http://pul/name/36552 245 13$aLa restaurazione umanistica /$cStefano Pittaluga. 260 $aRoma :$bSalerno,$c1994. 300 $av. 2; S. 191-220 ;$c25 cm 650 4$aLingua latina medievale e moderna$xStoria e critica.$0(OLS)http://pul/subject/30515 773 0 $aLo spazio letterario del medioevo - 1. Il medioevo latino.$gvol.2: La circolazione del testo. 773 0 $tLo spazio letterario del Medioevo. 1, Il Medioevo latino$w()42277 996 $6020$a8884021553 (v. 2)$9(OLS)http://pul/number/52700 996 $6245$aLa restaurazione umanistica$9(OLS)http://pul/title/123457 996 $6260$aRoma :$bSalerno$9(OLS)http://pul/publisher/61304